Central Library OPAC University of Rajshahi

বাংলার অলংকৃত ধাতবভাস্কর্য = Ornate Metal Sculpture of Bengal : (Record no. 75542)

MARC details
000 -LEADER
fixed length control field 02173ntm a2200277 a 4500
001 - CONTROL NUMBER
control field 75542
003 - CONTROL NUMBER IDENTIFIER
rucl marc code BD-RjUL
005 - DATE AND TIME OF LATEST TRANSACTION
control field 20230220131114.0
008 - FIXED-LENGTH DATA ELEMENTS--GENERAL INFORMATION
fixed length control field 190423b 2016bg ||||| bm|| 00| 0 ben d
035 ## - SYSTEM CONTROL NUMBER
System control number (BD-RjUL)75760
040 ## - CATALOGING SOURCE
Original cataloging agency BD-RjUL
Language of cataloging ben/eng
Transcribing agency BD-RjUL
Modifying agency BD-RjUL
041 ## - LANGUAGE CODE
Language code of text/sound track or separate title ben
082 ## - DEWEY DECIMAL CLASSIFICATION NUMBER
Edition number 23
Classification number 732.44
Author mark and year ISB 2016
100 1# - MAIN ENTRY--PERSONAL NAME
Personal name ইসলাম, এ. কে. এম. আরিফুল
9 (RLIN) 231062
245 10 - TITLE STATEMENT
Title বাংলার অলংকৃত ধাতবভাস্কর্য = Ornate Metal Sculpture of Bengal :
Remainder of title ১৯৪৭ পর্যন্ত = up to 1947 /
Statement of responsibility, etc. এ. কে. এম. আরিফুল ইসলাম ;
Linkage গবেষণা তত্ত্বাবধায়ক : টি. এম. এম. নূরুল মোদ্দাসের চৌধুরী ; গবেষণা সহ-তত্ত্বাবধায়ক : মো. আমিরুল মোমেনীন চৌধুরী
246 ## - VARYING FORM OF TITLE
Title proper/short title বাংলার অলংকৃত ধাতবভাস্কর্য :
Remainder of title ১৯৪৭ পর্যন্ত =
Title proper/short title Ornate Metal Sculpture of Bengal :
Remainder of title up to 1947
260 ## - PUBLICATION, DISTRIBUTION, ETC. (IMPRINT)
Place of publication, distribution, etc. রাজশাহী :
Name of publisher, distributor, etc. মৃৎশিল্প ও ভাস্কর্য বিভাগ, রাজশাহী বিশ্ববিদ্যালয়,
Date of publication, distribution, etc. ২১১৬
300 ## - PHYSICAL DESCRIPTION
Pagination xiv, ৩৭৩ পাতা :
Illustrations চিত্র ;
Size ৩০ সেমি.
502 ## - DISSERTATION NOTE
Dissertation note থিসিস (পিএইচ. ডি.)-- মৃৎশিল্প ও ভাস্কর্য বিভাগ, রাজশাহী বিশ্ববিদ্যালয়, ২১১৬
504 ## - BIBLIOGRAPHY, ETC. NOTE
Bibliography, etc গ্রন্থপঞ্জি: পাতা ৩৭১-৩৭৩
650 ## - SUBJECT ADDED ENTRY--TOPICAL TERM
Topical term or geographic name as entry element ধাতবভাস্কর্য, বাঙ্গালী
9 (RLIN) 231066
Topical term or geographic name as entry element Metal sculpture, Bengali
9 (RLIN) 231067
700 ## - ADDED ENTRY--PERSONAL NAME
Personal name চৌধুরী, টি. এম. এম. নূরুল মোদ্দাসের, গবেষণা তত্ত্বাবধায়ক
Personal name চৌধুরী, মো. আমিরুল মোমেনীন, গবেষণা সহ-তত্ত্বাবধায়ক
942 ## - ADDED ENTRY ELEMENTS (KOHA)
Source of classification or shelving scheme Dewey Decimal Classification
Koha item type Theses
Holdings
Lost status Source of classification or shelving scheme Damaged status Not for loan Collection code Permanent Location Current Location Shelving location Date acquired Source of acquisition Total Checkouts Full call number Date last seen Copy number Koha item type
  Dewey Decimal Classification   Not For Loan Theses Central Library, University of Rajshahi Central Library, University of Rajshahi Documentation Section 16/01/2018 Controller of Examination Office, R. U.   BTHE 732.44 ISB 2016 23/04/2019 C-1 Theses